UM Logo

Blessed / (Record no. 15275)

MARC details
000 -LEADER
fixed length control field 00514nam a2200169 4500
008 - FIXED-LENGTH DATA ELEMENTS--GENERAL INFORMATION
fixed length control field 200518b ||||| |||| 00| 0 eng d
020 ## - INTERNATIONAL STANDARD BOOK NUMBER
International Standard Book Number 978-1-40632787-8 (paperback)
082 ## - DEWEY DECIMAL CLASSIFICATION NUMBER
Edition number 2011
Classification number DFic
Item number Sm51
100 ## - MAIN ENTRY--PERSONAL NAME
Personal name Smith, Cynthia Leitich
9 (RLIN) 42117
245 ## - TITLE STATEMENT
Title Blessed /
Statement of responsibility, etc. Cynthia Leitich Smith
260 ## - PUBLICATION, DISTRIBUTION, ETC. (IMPRINT)
Place of publication, distribution, etc. London :
Name of publisher, distributor, etc. Walker Books,
Date of publication, distribution, etc. [2011].
300 ## - PHYSICAL DESCRIPTION
Extent 462 pages ;
Dimensions 20 cm.
650 ## - SUBJECT ADDED ENTRY--TOPICAL TERM
Topical term or geographic name as entry element Vampires -- Fiction.
9 (RLIN) 42118
650 ## - SUBJECT ADDED ENTRY--TOPICAL TERM
Topical term or geographic name as entry element Werewolves -- Fiction.
9 (RLIN) 42119
365 ## - TRADE PRICE
Price amount 190.00
Currency code Php
942 ## - ADDED ENTRY ELEMENTS (KOHA)
Source of classification or shelving scheme Dewey Decimal Classification
Koha item type Fiction
Holdings
Withdrawn status Lost status Source of classification or shelving scheme Damaged status Not for loan Collection code Home library Current library Shelving location Date acquired Source of acquisition Cost, normal purchase price Total Checkouts Full call number Barcode Date last seen Date last checked out Copy number Price effective from Koha item type
    Dewey Decimal Classification     Fiction UM Digos College - LIC UM Digos College - LIC Book Cart 11/22/2019 Purchased 190.00 1 DFic Sm51 2011 25946 05/15/2025 04/29/2023 1 05/18/2020 Fiction